1750 1609 1099 1816 1387 1698 1522 1966 1934 1393 1578 1892 1776 1376 1707 1233 1079 1634 1942 1167 1991 1029 1444 1537 1931 1974 1459 1075 1506 1024 1822 1671 1100 1080 1754 1370 1113 1257 1394 1934 1726 1833 1772 1419 1360 1491 1702 1083 1466 1845 1412 1964 1614 1081 1015 1333 1922 1926 1073 1972 1789 1616 1625 1293 1863 1309 1351 1800 1493 1974 1896 1250 1472 1510 1520 1980 1944 1800 1293 1658 1229 1431 1239 1546 1111 1241 1826 1824 1667 1843 1815 1497 1416 1325 1388 1867 1951 1198 1529 BCNSPRNW ULIB Ver.6.0+V

เปลี่ยนเป็นภาษาไทย

Change to English
 แสดงรายละเอียดบรรณานุกรม
  กลับหน้าหลัก

Brief Record : Get Marc (ISO 2709) : E-mail record : QR code < ปิดหน้าต่าง
LEADER : 00000nam 2200000uu 4500
001    13399114841
003     ULIB
008    110627s2555||||th 000 0 tha d
090    นว.^bว918G
100 0  เวสต์ แคลร์
245 00 ภูตทรายจอมซ่ากับห้าพี่น้องสุดแสบ/^cเวสต์ แคลร์
250    พิมพ์ครั้งที่ 1
260    กรุงเทพฯ :^bซีเอ็ดยูเคชั่น,^c2555-
300     หน้า
945    ^p0^l0^i028109
995    ทศพร
999 ^a ใช้งานได้ทุกระบบ
รายการนี้ยังไม่มีแท็ก
คุณยังไม่ได้ล็อกอิน คุณสามารถมีกิจกรรมร่วมกับเว็บไซต์ได้ แต่ต้องล็อกอินก่อน ::
  ล็อกอิน

รายการสื่อสารสนเทศ

ลำดับที่ ประเภท เลขเรียก/บาร์โค้ด สถานที่ สถานะ
1. นวนิยาย
นวนิยาย
นว. ว918G ฉ.1 
  Barcode: 028109
ห้องสมุดวิทยาเขตสวรรค์ประชารักษ์
►นวนิยาย
บนชั้น
  ขอยืม

รายการใกล้เคียง
    ผู้แต่ง [เวสต์ แคลร์]

BibComment


ยังไม่เคยถูกคอมเมนท์

คอมเมนท์ทรัพยากรรายการนี้
  คอมเมนท์: ภูตทรายจอมซ่ากับห..


 Copyright 2026. Bcnsprnw @Library